[Event "12th SRB-ch Men 2018"]
[Site "Novi Sad"]
[Date "2018.03.06"]
[Round "1"]
[White "Indjic, Aleksandar"]
[Black "Perunovic, Milos"]
[Result "0-1"]
[WhiteElo "2623"]
[BlackElo "2597"]
[Annotator "TA"]
[PlyCount "58"]
[EventDate "2018.??.??"]
[EventType "tourn"]
[EventCountry "SRB"]
[SourceTitle "playchess.com"]
[Source "ChessBase"]
[SourceQuality "1"]

{[%evp 30,58,-19,-21,-27,-28,-22,-22,-20,-32,-43,-60,-15,-18,-1,-223,0,-224,-161,-189,-177,-182,-31,-403,-372,-1052,-1037,-1027,-967,-951,-922]} 1. d4 Nf6 2. Nf3 e6 3. c4 d5 4. Nc3 c6 5. e3 Nbd7 6. Qc2 Bd6 7. Bd3 O-O 8. O-O dxc4 9. Bxc4 a6 10. e4 e5 11. Rd1 Qc7 12. g3 b5 13. Be2 Re8 14. a3 {D46: Semi-Slav: 5 e3 Nbd7 6 Bd3, Black avoids the Meran} Bb7 15. Bg5 exd4 16. Nxd4 {LiveBook: 5 Games. The position is equal.} Be5 17. Nf5 c5 18. Nd5 Nxd5 19. exd5 {[#]} g6 $146 ({Predecessor:} 19... f6 20. Be3 g6 21. Nh6+ Kg7 {½-½ (36) Khalifman,A (2655)-Anand,V (2765) Groningen 1997}) 20. Nh6+ Kf8 21. Bf3 Qb6 22. b4 $2 (22. Qd2 $11) 22... cxb4 $2 ({Black should play} 22... Bxa1 $19 23. Rxa1 Ne5) 23. axb4 $2 (23. Rac1 $1 $11 {and White stays safe.} f6 24. Be3) 23... Rac8 24. Qd2 Bc3 25. Qf4 {[%csl Gh6][%cal Rf4f7]} Ne5 $2 $40 {[%mdl 128] Black has some attack.} (25... f6 $19 26. Rac1 Rc4 27. Rxc3 Rxc3) 26. Rac1 $2 {[%mdl 8192] [#]} (26. Ra3 $1 $15) 26... Bd2 $1 $19 {[%cal Rd2f4][%mdl 512]} 27. Be7+ $2 (27. Rxd2 Rxc1+ 28. Bd1) 27... Rxe7 {Black is clearly winning.} 28. Rxc8+ Bxc8 29. Rxd2 {[#]} g5 $1 {[%mdl 512] Precision: White = 12%, Black = 57%.} 0-1

[Event "12th SRB-ch Men 2018"]
[Site "Novi Sad"]
[Date "2018.03.06"]
[Round "1"]
[White "Sedlak, Nikola"]
[Black "Savic, Miodrag R"]
[Result "1/2-1/2"]
[WhiteElo "2600"]
[BlackElo "2535"]
[Annotator "TA"]
[PlyCount "52"]
[EventDate "2018.??.??"]
[EventType "tourn"]
[EventCountry "SRB"]
[SourceTitle "playchess.com"]
[Source "ChessBase"]
[SourceQuality "1"]

{[%evp 11,52,11,11,4,21,0,0,0,14,13,7,5,18,16,16,8,19,13,37,35,31,30,38,33,38,28,30,29,24,14,27,25,22,18,29,11,16,20,28,4,7,0,0]} 1. d4 Nf6 2. Nf3 e6 3. Bf4 b6 4. e3 Bb7 5. h3 Bd6 (5... Be7 6. Nbd2 O-O 7. Bd3 c5 8. O-O cxd4 9. exd4 d6 10. a4 a6 11. c4 Nc6 12. Qb3 d5 13. c5 Nd7 14. Rfc1 a5 15. cxb6 Nxb6 {0-1 (36) Naiditsch,A (2705)-Ponomariov,R (2694) Riadh 2017}) 6. Bxd6 {A47: Damenindisch (ohne c2-c4)} cxd6 {LiveBook: 12 Partien} 7. c4 d5 8. Nc3 O-O 9. Rc1 dxc4 10. Bxc4 Nc6 11. O-O Rc8 12. Qe2 Nb4 $146 ({Vorgänger:} 12... Qe7 13. Rfd1 {½-½ (30) Sedlak,N (2583)-Beliavsky,A (2536) Budapest 2018}) 13. Nd2 d5 14. Bb5 Qe7 15. a3 Nc6 16. Rc2 Nb8 17. Rfc1 Rc7 18. Nf3 Rfc8 19. Ne5 Ne4 20. Nxe4 Rxc2 21. Rxc2 Rxc2 22. Qxc2 {[#] Und weiter mit Sg5! wäre nett.} dxe4 23. Nd7 Qd8 ({Viel schlechter ist} 23... Nxd7 $6 24. Qc7 $16) 24. Nxb8 Qxb8 25. b4 Bd5 26. Bd7 Kf8 {Precision: Weiß = 59%, Schwarz = 52%.} 1/2-1/2

[Event "12th SRB-ch Men 2018"]
[Site "Novi Sad"]
[Date "2018.03.06"]
[Round "1"]
[White "Damljanovic, Branko"]
[Black "Markovic, Miroslav"]
[Result "0-1"]
[WhiteElo "2522"]
[BlackElo "2446"]
[Annotator "TA"]
[PlyCount "112"]
[EventDate "2018.??.??"]
[EventType "tourn"]
[EventCountry "SRB"]
[SourceTitle "playchess.com"]
[Source "ChessBase"]
[SourceQuality "1"]

{[%evp 21,112,0,0,-14,-19,-31,0,-14,0,0,0,-44,0,20,29,17,10,0,0,-18,-4,-8,-5,-13,-20,-18,-8,-12,-2,-13,-11,-8,-7,-30,-22,-41,-13,-675,-16,-70,-63,-78,-58,-99,-96,-105,-8,0,0,0,0,-26,-12,-13,-20,-20,-19,-60,0,0,0,0,0,-8,0,0,0,0,0,-47,-45,-45,0,-45,-45,-181,-48,-173,-173,-173,-68,-685,-682,-6029,-5417,-5089,-914,-483,-128,-172,-47,-29971,-29972]} 1. d4 Nf6 2. c4 g6 3. Nc3 Bg7 4. e4 d6 5. Nf3 O-O 6. Be2 e5 7. O-O exd4 8. Nxd4 Re8 9. f3 Nc6 10. Nc2 Nh5 11. g4 Be5 {LiveBook: 25 Games. E94: King's Indian: Classical: 6 Be2 e5 7 0-0: Various Black 7th moves} 12. Rf2 (12. gxh5 Bxh2+ 13. Kxh2 Qh4+ 14. Kg1 {½-½ (14) Dreev,A (2668)-Mamedov,R (2641) Baku 2013}) 12... Nf4 {Strongly threatening ...Nh3+.} 13. Bf1 Be6 {Black is slightly better.} 14. Nd5 Bxd5 15. cxd5 Ne7 {[#]} 16. Ne3 $146 ({Predecessor:} 16. Be3 g5 17. Nd4 Bxd4 18. Bxd4 Neg6 19. Qb3 {1-0 (38) Ovsejevitsch,S (2516)-Pavlenkov,R Alushta 2001}) 16... g5 (16... c6 $15) 17. Nc4 $11 Neg6 18. Nxe5 Nxe5 19. Be3 Qf6 20. Rc1 c5 21. dxc6 bxc6 22. Qd2 h6 23. Kh1 Rad8 24. Bxf4 gxf4 25. b4 d5 26. exd5 Rxd5 27. Qb2 Red8 28. Re1 Qh4 {White must now prevent ...Nxf3!} 29. Kg2 $2 {[%mdl 8192] [#]} (29. Re4 $11) 29... Qg5 $2 ({Black should play} 29... Nxf3 $1 $19 {[%mdl 512]} 30. Kxf3 (30. Rxf3 Rd2+) 30... Rg5) 30. Re4 (30. Kh1 $11) 30... Ng6 $15 31. Bc4 R5d7 $1 32. Rfe2 h5 33. Re8+ Rxe8 (33... Kh7 $17 34. Rxd8 Rxd8 35. Bxf7 Nh4+ 36. Kf1 hxg4) 34. Rxe8+ $11 Kh7 35. h3 $1 $36 {[%mdl 2048] Black is under pressure.} a5 36. a3 axb4 37. axb4 Qh4 38. Qf2 Qf6 39. gxh5 Ne5 ({Better is} 39... Nh4+ $15 40. Kh1 Kh6) 40. Qc2+ Kh6 41. Be2 Ra7 42. Qb2 Qg7+ 43. Kf1 {And now b5 would win.} f6 {Hoping for ...Qg3.} 44. Qd4 Kxh5 45. Rh8+ Qxh8 46. Qxa7 Kg5 47. Kg2 Qg8 48. Kh2 (48. Qf2 $15) 48... Kh5 (48... Kh4 $1 $19 {aiming for ...Qg3+.} 49. Kh1 Kxh3 50. Bf1+ Kh4) 49. Qf2 {[#]} (49. Kh1 $1 $15) 49... Qa2 $1 $19 50. Qg2 Qd2 ({Black should try} 50... Qb2 $19 51. Bd1 Qxb4) 51. Ba6 $2 {[%mdl 8192]} (51. b5 $15) 51... Qxb4 52. Bc8 Qe1 53. Bg4+ Kh6 (53... Kh4 $142 54. Bc8 c5) 54. Bf5 {[#]} Qd1 $2 (54... Qd2 $1 $19 {[%mdl 512] is more deadly. ( -> ...Nxf3+)} 55. Be4 (55. Qxd2 Nxf3+) 55... Qxg2+ 56. Kxg2 Kh5) 55. Be4 $17 f5 (55... Qd7 $19 56. Qf2 Kh5) 56. Qa2 $2 {[%mdl 8192]} (56. h4 $15 Qd8 57. Bxf5) 56... fxe4 {Precision: White = 23%, Black = 49%.} 0-1

[Event "12th SRB-ch Men 2018"]
[Site "Novi Sad"]
[Date "2018.03.06"]
[Round "1"]
[White "Ratkovic, Miloje"]
[Black "Djordjevic, Vuk"]
[Result "0-1"]
[WhiteElo "2427"]
[BlackElo "2372"]
[Annotator "TA"]
[PlyCount "88"]
[EventDate "2018.??.??"]
[EventType "tourn"]
[EventCountry "SRB"]
[SourceTitle "playchess.com"]
[Source "ChessBase"]
[SourceQuality "1"]

{[%evp 22,88,-27,-21,-22,-27,-31,-23,-22,-73,-59,-62,-24,-29,-24,-37,-21,-26,32,6,0,8,15,-58,-54,-106,0,-75,-46,-47,-36,-91,-96,-146,-142,-195,-205,-197,-187,-202,-184,-279,-281,-368,-337,-321,-300,-287,-289,-331,-316,-386,-389,-385,-224,-232,-224,-245,-211,-344,-319,-417,-434,-728,-728,-713,-715,-705,-700]} 1. d4 e6 2. Bf4 Nf6 3. e3 d5 4. Nf3 Bd6 5. Bg3 O-O 6. Nbd2 c5 7. c3 b6 8. Bd3 Nc6 9. Ne5 Bb7 10. f4 {D02: 1 d4 d5 2 Nf3 sidelines, including 2...Nf6 3 g3 and 2...Nf6 3 Bf4} (10. O-O Qc7 11. f4 Ne7 12. Qb1 Qc8 13. Bh4 Nf5 14. Bxf5 exf5 15. Bxf6 gxf6 16. Nef3 Qe6 17. Re1 Ba6 18. Nh4 cxd4 19. exd4 {1-0 (28) Korobov,A (2692)-Dominguez Perez,L (2739) Doha 2016}) 10... Ne7 11. Qb1 g6 12. O-O {LiveBook: 10 Games. Black has an edge.} Ne8 $146 {[%cal Bf6e8,Be8g7,Bg7h5][%mdl 32]} ({Predecessor:} 12... Nf5 13. Bf2 Be7 14. a4 Nd6 15. a5 Rc8 16. axb6 axb6 17. Rd1 Qc7 {½-½ (29) Neef,M (2443)-Krishna,C (2404) Marianske Lazne 2017}) 13. a4 f6 14. Nef3 Nc6 15. dxc5 (15. e4 $11) 15... bxc5 $17 16. e4 c4 17. Bc2 Ng7 18. e5 Bc5+ 19. Kh1 f5 ({Better is} 19... fxe5 $11 20. b4 cxb3 21. Nxb3 Be7 22. fxe5 Ba6) 20. Bh4 Qc7 21. Qe1 Ba6 22. Bf6 (22. Bf2 $11 Qe7 23. Bxc5 Qxc5 24. Ng5) 22... Nh5 $15 23. Ng5 ({White should try} 23. Qh4 $15) 23... Bc8 (23... Rae8 $17 {And now ...h6 would win.} 24. b4 cxb3 25. Nxb3 Bb6) 24. Qh4 (24. b4 $11 {remains equal.} cxb3 25. Nxb3) 24... Nxf6 (24... Be3 $5 {[%cal Re3d2]} 25. Ndf3 Rb8 $17) 25. exf6 Rxf6 26. Rae1 ({Wrong is} 26. Nxh7 $2 Qxh7 27. Qxh7+ Kxh7 $19) (26. b4 $15 cxb3 27. Nxb3) 26... Qg7 $17 27. b4 cxb3 28. Bxb3 (28. Nxb3 $17 Be7 29. Qg3) 28... h6 $19 29. Ngf3 Ba6 30. c4 Na5 {[%cal Rd5c4]} 31. cxd5 (31. Ba2 {was called for.}) 31... Bxf1 32. dxe6 Nxb3 33. Nxb3 Be7 34. Rxf1 Rxe6 35. Qg3 Bf6 36. Nc5 Re3 37. Qf2 Re7 (37... Rc3 $142 {aiming for ...Rc8.} 38. Ne6 Qd7) 38. Nd3 Re4 39. Nfe5 Rxa4 40. Qc5 (40. Nc5 $142 Ra5 41. Qf3) 40... Rd8 41. Qb5 Rad4 42. Nc5 (42. h3 $142) 42... Bxe5 43. Ne6 {[#]} Qd7 $1 44. Nxd4 Bxd4 {Precision: White = 25%, Black = 63%.} (44... Qxd4 $2 45. fxe5 Qd3 46. Qxd3 $19) 0-1

[Event "12th SRB-ch Men 2018"]
[Site "Novi Sad"]
[Date "2018.03.06"]
[Round "1"]
[White "Rabrenovic, Vladan"]
[Black "Markus, Robert"]
[Result "1/2-1/2"]
[WhiteElo "2371"]
[BlackElo "2615"]
[Annotator "TA"]
[PlyCount "41"]
[EventDate "2018.??.??"]
[EventType "tourn"]
[EventCountry "SRB"]
[SourceTitle "playchess.com"]
[Source "ChessBase"]
[SourceQuality "1"]

{[%evp 24,41,54,33,38,15,18,18,20,8,19,16,28,0,22,0,24,9,27,35]} 1. d4 Nf6 2. c4 d6 3. Nc3 Nbd7 4. e4 e5 5. Nf3 g6 6. Be2 Bg7 7. O-O O-O 8. Qc2 exd4 9. Nxd4 Re8 10. Be3 c6 11. Rad1 a6 12. Rfe1 Qc7 13. Bf4 {LiveBook: 3 Games. E94: King's Indian: Classical: 6 Be2 e5 7 0-0: Various Black 7th moves} Ne5 14. a4 $146 ({Predecessor:} 14. Bg3 b5 15. cxb5 cxb5 16. a4 b4 17. Nd5 Nxd5 18. exd5 Qxc2 19. Nxc2 b3 20. Nb4 g5 {½-½ (29) Popovics,A (2407)-Markus,R (2604) Hungary 2014}) 14... a5 15. h3 {The position is equal.} Nfd7 16. Be3 {[#] Strongly threatening f4.} Nc5 17. f4 Ned7 18. Bf3 Qb6 19. Na2 h5 20. Nc1 Qb4 21. b3 {Precision: White = 28%, Black = 54%.} 1/2-1/2

[Event "12th SRB-ch Men 2018"]
[Site "Novi Sad"]
[Date "2018.03.07"]
[Round "2"]
[White "Markus, Robert"]
[Black "Sedlak, Nikola"]
[Result "1/2-1/2"]
[WhiteElo "2615"]
[BlackElo "2600"]
[Annotator "TA"]
[PlyCount "22"]
[EventDate "2018.??.??"]
[EventType "tourn"]
[EventCountry "SRB"]
[SourceTitle "playchess.com"]
[Source "ChessBase"]
[SourceQuality "1"]

{[%evp 15,22,18,26,13,15,11,25,6,21]} 1. d4 e6 2. c4 f5 3. g3 Nf6 4. Bg2 d5 5. Nf3 Bd6 6. O-O O-O 7. b3 b6 8. Bb2 {A90: Holländische Verteidigung (Klassisches System, Stonewall und Varianten mit Lb4)} (8. Ba3 Ne4 9. Bxd6 Qxd6 10. cxd5 exd5 11. e3 Ba6 12. Re1 Nd7 13. Qc1 c5 14. Qa3 Bb7 15. dxc5 bxc5 {0-1 (40) Melkumyan,H (2633)-Grischuk,A (2772) Riadh 2017}) 8... Bb7 {LiveBook: 6 Partien} 9. e3 Nbd7 10. Nc3 $146 ({Vorgänger:} 10. Nbd2 Qe8 11. Rc1 Ne4 12. Ne1 Qg6 13. Ndf3 Qh5 14. Nd3 g5 15. Nfe5 Qxd1 16. Rfxd1 Nxe5 17. dxe5 Be7 18. cxd5 Bxd5 19. Rxc7 Bd8 20. Rc2 g4 21. Nf4 {1-0 (21) Buttell,D (1758)-Wagner,G (1809) Cardiff 2017}) 10... Ne4 11. Qe2 a6 1/2-1/2

[Event "12th SRB-ch Men 2018"]
[Site "Novi Sad"]
[Date "2018.03.07"]
[Round "2"]
[White "Perunovic, Milos"]
[Black "Rabrenovic, Vladan"]
[Result "1-0"]
[WhiteElo "2597"]
[BlackElo "2371"]
[Annotator "TA"]
[PlyCount "123"]
[EventDate "2018.??.??"]
[EventType "tourn"]
[EventCountry "SRB"]
[SourceTitle "playchess.com"]
[Source "ChessBase"]
[SourceQuality "1"]

{[%evp 18,123,41,29,60,49,67,35,34,41,48,48,43,37,55,40,53,49,35,2,46,33,43,39,46,24,31,0,56,68,72,85,85,77,72,55,93,93,94,97,117,121,145,145,145,145,137,141,139,110,168,169,176,168,169,169,169,174,177,178,203,201,207,183,427,427,614,593,479,355,840,297,331,309,927,431,922,925,912,901,860,802,733,551,1583,1273,2670,2681,2759,2295,2503,1350,2405,2133,5597,3652,12832,12830,12840,12840,12839,12839,12841,12842,12845,12845,12845,12846]} 1. e4 d6 2. d4 Nf6 3. Nc3 e5 4. Nf3 Nbd7 5. Bc4 Be7 6. a4 O-O 7. O-O c6 8. h3 h6 9. Re1 Re8 10. Be3 {LiveBook: 14 Games. C41: Philidor Defence} (10. Ba2 Qc7 11. Nh4 exd4 12. Qxd4 Nf8 13. Qd3 Be6 14. Bxe6 Nxe6 15. Nf5 Bf8 16. Qf3 Nd7 17. Be3 Ne5 {1-0 (59) Grischuk,A (2764)-Jobava,B (2711) Beijing 2012}) 10... Nh7 11. Ba2 (11. Qd2 {is interesting.} exd4 12. Nxd4 Nhf6 13. Ba2 Bf8 14. f3) 11... Ng5 12. Nxg5 {White is slightly better.} Bxg5 13. Qd2 $146 ({Predecessor:} 13. Qh5 Qf6 14. Rad1 Nf8 15. dxe5 dxe5 16. Bxg5 hxg5 17. Rd6 Be6 18. Nd5 cxd5 19. exd5 Bg4 {0-1 (19) Schlemermeyer,W (2324)-Schmidt Schaeffer,S (2374) Berlin 2007}) 13... Nf8 14. Rad1 Qf6 15. a5 {[%cal Ba4a5,Ba5a6][%mdl 32]} Ng6 16. Bxg5 hxg5 17. dxe5 dxe5 18. a6 b6 19. Qd6 $1 Qxd6 20. Rxd6 Ne7 $1 21. Re3 {aiming for Rf3.} Kf8 $1 22. Rg3 f6 (22... Bxa6 $11 23. Rxg5 Red8 24. Rxd8+ Rxd8) 23. Bc4 $36 {[%mdl 2048] White is more active.} Rb8 24. Be2 Kf7 25. Bh5+ $1 g6 26. Bg4 $1 {Threatens to win with Rf3.} Bxg4 27. hxg4 Red8 28. Rgd3 Rxd6 29. Rxd6 $16 {[%mdl 4096] Endgame KRN-KRN} b5 30. Rd7 Ra8 31. f3 Ke6 32. Rb7 Kd6 33. Kf2 Rc8 (33... Nc8 $16 {was worth a try.}) 34. Rxa7 $18 Rc7 {[#]} 35. Ra8 $1 Rc8 {[#]} 36. Rxc8 $1 Nxc8 {KN-KN} 37. Na2 Kc5 38. c3 Kb6 39. Nb4 Na7 40. Ke3 Kc5 $2 (40... Nc8 {keeps fighting.} 41. Kd3 Na7) 41. Nd3+ Kd6 (41... Kb6 $142 42. b4 Kc7) 42. b4 Nc8 43. Nc5 Na7 $2 (43... Nb6 44. a7 Kc7) 44. Kd3 $2 (44. g3 Nc8 45. f4) 44... Nc8 45. g3 Na7 $2 (45... Nb6 46. a7 Kc7) 46. Ke3 {White is clearly winning.} Nc8 (46... Kc7 $142 47. f4 gxf4+ 48. gxf4 Kd6) 47. f4 gxf4+ 48. gxf4 g5 49. fxg5 fxg5 50. Nd3 Ke6 51. Ne1 Na7 52. Nf3 Kf6 53. Kd3 Nc8 54. c4 Na7 55. Kc3 Nc8 56. cxb5 cxb5 {[#]} 57. Nd4 $1 {[%mdl 512]} exd4+ 58. Kxd4 Ke6 59. Kc5 Kd7 60. e5 Na7 61. Kb6 Nc8+ 62. Kb7 {Precision: White = 80%, Black = 34%.} 1-0

[Event "12th SRB-ch Men 2018"]
[Site "Novi Sad"]
[Date "2018.03.07"]
[Round "2"]
[White "Damljanovic, Branko"]
[Black "Ratkovic, Miloje"]
[Result "1-0"]
[WhiteElo "2522"]
[BlackElo "2427"]
[Annotator "TA"]
[PlyCount "141"]
[EventDate "2018.??.??"]
[EventType "tourn"]
[EventCountry "SRB"]
[SourceTitle "playchess.com"]
[Source "ChessBase"]
[SourceQuality "1"]

{[%evp 9,141,-10,-3,-3,0,-7,-2,12,37,3,17,0,31,5,52,49,59,49,62,52,55,56,181,52,54,62,84,81,224,225,223,225,214,212,172,158,314,311,422,443,659,661,653,639,767,738,653,275,274,259,266,249,238,-8,63,36,36,36,37,31,31,32,34,81,168,6,16,16,16,16,16,16,27,6,6,0,34,16,95,80,266,266,266,255,233,239,170,154,758,728,688,0,674,612,640,378,6095,5912,5736,5684,584,592,5081,5354,5294,5294,4670,1558,1413,0,3604,3971,5416,5506,5321,5321,29976,4987,29976,29977,29977,29978,29977,29978,29979,29980,29979,29979,29979,29980,29980,29981,29981,29982]} 1. Nf3 d5 2. g3 Nc6 3. Bg2 e5 4. d3 Nf6 5. O-O Bd6 {LiveBook: 14 Games} 6. c4 {A07: Réti Opening: New York and Capablanca Systems} (6. Nc3 h6 7. e4 d4 8. Ne2 Be6 9. c3 dxc3 10. bxc3 O-O 11. Qc2 Re8 12. Re1 Qd7 13. Bb2 Rad8 14. d4 Bc4 15. Nd2 Ba6 16. d5 Na5 17. c4 b6 18. Nc1 c6 19. Ncb3 Nb7 20. Rac1 {½-½ (20) Andriasian,Z (2628)-Hovhannisyan,R (2592) Martuni 2014}) 6... dxc4 7. dxc4 O-O 8. Nc3 {The position is equal.} a6 9. b3 $146 ({Predecessor:} 9. a3 Be6 10. b3 Bc5 11. Qc2 h6 12. Rd1 Qe7 13. b4 Bd4 {1-0 (42) Zielewicz,P-Stawujak,M Poznan 2004}) 9... Re8 10. Bb2 Bd7 11. Nd2 Qc8 12. Nd5 Nxd5 13. cxd5 Ne7 14. Nc4 Bh3 15. Rc1 Bxg2 (15... Qd7 $14) 16. Kxg2 (16. Nxd6 $18 Qh3 17. Nxe8 Bxf1 18. Qxf1 Qxf1+ 19. Kxf1 Rxe8 20. Rxc7) 16... Qd7 $14 17. e4 {[%cal Be2e4,Be4e5][%mdl 32]} Ng6 18. h4 {[%cal Bh2h4,Bh4h5][%mdl 32]} f5 (18... f6 $16) 19. h5 $18 Nf8 20. f4 $1 {[%cal Rf4e5]} exf4 21. e5 Bc5 22. e6 $36 {[%mdl 2048] Black is under strong pressure.} (22. gxf4 Rad8 $11) 22... Qe7 $2 (22... Nxe6 $16 23. dxe6 Qxe6) 23. Rxf4 Rad8 24. Qf3 b5 (24... Nxe6 $142 25. dxe6 b5) 25. Rxf5 Nxe6 26. dxe6 bxc4 27. Rf7 {And now Rd1 would win.} Rf8 28. Rxe7 (28. Rf1 $142 Rd2+ 29. Kh1) 28... Rd2+ 29. Kh3 Rxf3 30. Rxg7+ ({Much less strong is} 30. Rxc7 $6 Rxb2 31. Rxc5 Re2 $16) 30... Kf8 31. Rg5 $2 ({Inferior is} 31. Rxh7 Rxb2 32. Rxc4 (32. Kg4 Rbf2 $15) 32... Bd6 $11) (31. Ba1 $18) 31... Bd6 (31... Be7 $11 32. Bg7+ Ke8) 32. Be5 Bxe5 $1 33. Rxe5 $14 {[%mdl 4096] Endgame KRR-KRR} c3 $1 34. Rc5 Rdd3 35. Rxc7 {Black must now prevent Kh4.} Rxg3+ 36. Kh4 {Hoping for Rf1+.} h6 (36... Ke8 $16) 37. e7+ $2 (37. Rf1+ $18 Ke8 38. Rff7) 37... Ke8 38. Re1 {Threatening mate with Rc8+.} Rge3 39. Rxe3 Rxe3 $11 {KR-KR} 40. Kg4 Kf7 41. Kf4 Rh3 42. Kg4 Re3 43. Kf5 Rf3+ (43... a5 $11) 44. Ke5 $1 $16 Rh3 $2 (44... Rf2 $16 {is a better defense.}) 45. Kd6 $18 a5 46. Rc5 $1 {[%cal Rc5f5] White threatens Rf5+ and mate.} Rd3+ 47. Kc6 $1 Kxe7 48. Re5+ $1 Kd8 $2 (48... Kf6 $16 49. Rxa5 Rd8) 49. Rxa5 Rd7 50. Ra8+ $1 Ke7 {[#] ( -> ...c2)} 51. Rc8 $1 Rd2 52. Kb5 Rxa2 $2 (52... c2 53. a4 Kd7) 53. Rxc3 Rh2 54. Rc5 Kd7 55. b4 Rh4 56. Ka5 Kd6 57. Rb5 Kc7 58. Ka6 (58. Rf5 $142 Rh2 59. b5) 58... Kc6 59. Ka5 (59. Rc5+ $142 Kd6 60. Ka5) 59... Kc7 $1 60. Rf5 Kd7 61. b5 {[%cal Bb4b5,Bb5b6][%mdl 32]} Kc7 62. b6+ Kc8 63. Kb5 (63. Ka6 $142 Ra4+ 64. Ra5 Rb4 65. Ka7 Rb1 66. Rc5+ Kd7 67. b7 Ra1+ 68. Kb8) 63... Rh1 64. Ka6 {White mates.} Ra1+ {[#]} 65. Ra5 $1 Rb1 66. Ka7 Rb2 67. Rc5+ Kd7 68. Kb7 Rh2 69. Rd5+ Ke6 70. Kc6 Rc2+ 71. Rc5 {Precision: White = 56%, Black = 34%.} 1-0

[Event "12th SRB-ch Men 2018"]
[Site "Novi Sad"]
[Date "2018.03.07"]
[Round "2"]
[White "Markovic, Miroslav"]
[Black "Savic, Miodrag R"]
[Result "1-0"]
[WhiteElo "2446"]
[BlackElo "2535"]
[Annotator "TA"]
[PlyCount "105"]
[EventDate "2018.??.??"]
[EventType "tourn"]
[EventCountry "SRB"]
[SourceTitle "playchess.com"]
[Source "ChessBase"]
[SourceQuality "1"]

{[%evp 11,105,-12,-13,-41,-44,-45,-45,-37,-36,-42,-34,-34,0,-29,-20,-14,-10,-14,-16,-18,-25,-25,0,-1,-5,-3,-10,-23,-5,-6,32,10,23,31,15,15,29,-28,-22,-50,0,-50,-43,-22,-39,-78,-20,-69,72,44,105,105,106,95,69,79,104,108,110,106,103,111,111,89,90,101,95,95,348,354,344,353,337,339,427,427,427,414,410,407,511,514,464,437,1422,1312,29976,29976,29979,29980,29978,29977,29973,29974,29973,29974]} 1. g3 d5 2. Bg2 e5 3. d3 Nf6 4. a3 (4. Nf3 Bd6 5. Nbd2 O-O 6. e4 c6 7. O-O Re8 8. Re1 Nbd7 9. c3 h6 10. Qc2 Nf8 11. b3 Ng6 12. Bb2 Bg4 13. h3 Be6 14. Rad1 Qc7 15. Nf1 Rad8 16. Ne3 Qc8 17. Kh2 {0-1 (39) Mamedyarov,S (2799)-Grischuk,A (2772) Huaian 2017}) 4... a5 5. Nf3 Nc6 6. O-O {A00: Irregular Openings} h6 {LiveBook: 5 Games} 7. e4 $146 ({Predecessor:} 7. Nc3 Be7 8. e4 d4 9. Ne2 Be6 10. h3 Nd7 11. Ne1 Nc5 12. f4 f6 13. Nf3 Qd7 {½-½ (34) Onischuk,V (2612)-Perunovic,M (2622) Berlin 2015}) 7... dxe4 8. dxe4 {Black is slightly better.} Qxd1 9. Rxd1 Bg4 10. Re1 O-O-O 11. Nbd2 Bc5 12. c3 a4 13. Bf1 Bd7 14. b4 axb3 $1 15. Nxb3 Bb6 16. Be3 Bg4 (16... Be6 {looks sharper.} 17. Nc5 Bg4 18. Kg2 Bh5 19. Nb3 Na5) 17. Nfd2 Bxe3 18. Rxe3 Be6 19. a4 Nb8 20. Rb1 Rd6 21. Nc4 Bxc4 22. Bxc4 Rf8 23. Be2 Re8 24. c4 (24. Kg2 $142) 24... Rb6 $11 25. Bf1 Na6 26. c5 {[#]} (26. Ree1 $5 {[%cal Rc4c5]}) 26... Nxc5 $1 {[%mdl 512] aiming for ...Rxb3.} 27. Bb5 (27. Nxc5 Rxb1) 27... Ncd7 28. Na5 Re7 (28... c6 $17 29. Nc4 cxb5 30. Nxb6+ Nxb6 31. Rxb5 Nbd7) 29. f3 Nb8 (29... c6 $15 {stays ahead.} 30. Nc4 cxb5 31. Nxb6+ Nxb6 32. Rxb5 Nbd7) 30. Reb3 {[%mdl 1024] White has strong compensation.} Rd6 (30... Nfd7 $14) 31. Bf1 $36 {[%mdl 2048] White has strong initiative.} b6 32. Nc4 Rc6 33. a5 {[%cal Ra5b6]} Nfd7 34. axb6 cxb6 35. Ne3 ({Reject} 35. Nxb6+ $6 Nxb6 36. Rxb6 Rxb6 $11) 35... Ree6 36. Bh3 Rg6 37. Rd3 Rgd6 {[#]} 38. Rxd6 $1 Rxd6 39. Nc4 Rf6 $2 {[%mdl 8192] [#]} (39... Rd4 $16 40. Nxe5 (40. Nxb6+ Kd8 $14) 40... f6) 40. Nxb6+ $1 $18 Rxb6 41. Rxb6 {[%mdl 4096] Endgame KRB-KNN} Kc7 42. Rb5 Nc6 43. Bxd7 Kxd7 {KR-KN} 44. Kf2 Kd6 45. Ke3 Ne7 46. f4 exf4+ 47. gxf4 f5 (47... Nc6 $142 48. e5+ Ke6) 48. exf5 Kd7 49. Ke4 {White mates.} Ke8 50. Ke5 Nc6+ 51. Kd6 Nd4 52. Rd5 Nf3 53. Ke6 {Precision: White = 69%, Black = 38%.} 1-0